Quantitative Aptitude/ (Record no. 207853)

MARC details
000 -LEADER
fixed length control field 00613nam a22001817a 4500
005 - DATE AND TIME OF LATEST TRANSACTION
control field 20241220113412.0
010 ## - LCCN (DPL NO)
LC control number ENG-143125
020 ## - INTERNATIONAL STANDARD BOOK NUMBER
Terms of availability 749.00
International Standard Book Number 9789355012326
035 ## - SYSTEM CONTROL NUMBER
System control number EN-126657
037 ## - SOURCE OF ACQUISITION
Source of stock number/acquisition DBAD/PUB
082 ## - DEWEY DECIMAL CLASSIFICATION NUMBER
Classification number 000
100 ## - MAIN ENTRY--PERSONAL NAME
Personal name Aggarwal, R. S.
245 ## - TITLE STATEMENT
Title Quantitative Aptitude/
Statement of responsibility, etc by R. S. Aggarwal
260 ## - PUBLICATION, DISTRIBUTION, ETC. (IMPRINT)
Place of publication, distribution, etc New Delhi
Name of publisher, distributor, etc S. Chand Publishing
Date of publication, distribution, etc 2022
270 ## - ADDRESS
City New Delhi
Address Block B-1, House No. D-1, Ground Floor, Mohan Co-operative Industrial Estate,
Postal code 110044
Telephone number 01166672000
Electronic mail address info@schandpublishing.com
300 ## - PHYSICAL DESCRIPTION
Extent 910p.
Dimensions 27cm(pbk)
942 ## - ADDED ENTRY ELEMENTS (KOHA)
Source of classification or shelving scheme Dewey Decimal Classification
Item type English Books
Classification part 000
Call number suffix AGG
Holdings
Withdrawn status Lost status Not for loan Collection code Home library Current library Date acquired Source of acquisition Cost, normal purchase price Full call number Barcode Copy number Cost, replacement price Koha item type
      Non-fiction Central Library Central Library 20/12/2024 DBAD 749.00 000 AGG EN-126657 1 749.00 English Books

© Delhi Public Library
Hit Counter
free hit counter